01317naa a22003257a 4500001001000000003000900010005001700019007000300036008003400039040005400073041000900127072002000136090001800156100001600174100001800190100001700208111008500225245008300310500013300393773011100526650000900637650001700646650001400663650001900677490008500696942001500781909004000796999001900836952013600855BR8802600BR-BrBNA20250721154606.0ta250630b bl.|||m| |||| 00| 0 por d aBR-BrBNAbporcBiblioteca Nacional de Agricultura a(Pt) aH60b0336b3876 aH60 BR88026001 aVidal, R.A.1 aVedoato, R.A.1 aVieira, I.R.1 a3. Seminario Nacional de Pesquisa de SojacCampinas, SP (Brazil)d20-24 Feb 19841 aControle de plantas daninhas na cultura da soja com fluazifop butil e bentazon aAnais do 3. Seminario Nacional de Pesquisa de Soja Londrina, PR (Brasil): 1984. p. 641-646 [Summaries (En, Pt)] (BR8802600-AMS) 0 tAnais do 3. Seminario Nacional de Pesquisa de SojawH60 BR8802600gLondrina, PR (Brasil), 1984. p. 641-646 aSOJA aERVA DANINHA aHERBICIDA aPOS-EMERGENCIA aDocumentos - Centro Nacional de Pesquisa de Soja (Brazil)vno. 7xISSN 0101-5494 cAMS2AGRIS a202506bLúciac55dLúcia Elande c335889d335889 002AGRIS40708AGROBASEa41918b41918l0o1740 BR0404809r2025-06-30t01yAMS10d2025-06-30ePortaria Interministerial nº 164/94